• 首页
  • 本馆介绍
  • 公告通知
  • 最新文献
  • 馆藏检索
  • 电子资源
  • 读者导购
  • 参考咨询
  • 我的图书馆
  • 登录
  • 详细信息显示
  • 放入我的书架
  • 预约/预借图书
  • 作者相关作品
  • 分类相关作品
  • 丛书相关作品
  • 出版社相关作品

书目信息

  • 表格格式
  • 工作单格式
  • 卡片格式
题名:
晋商文献
    
 
作者: 孙丽萍 主编 ;甘肃省古籍文献整理编译中心 编
分册: 第九卷  
出版信息: 北京   学苑出版社  2012
页数: 821页
开本: 26cm
丛书名: 中国华北文献丛书
单 册:
中图分类: F729(225)
科图分类:
主题词: 文献 , 晋商 , 晋商--文献
电子资源:
ISBN: 978-7-5077-3935-0
000 01107nam0 2200337 450
000 01070nam0 2200325 450
000 01131nam0 2200325 450
001 006623413
005 20150323082321.32
010    @a978-7-5077-3935-0@b精装@dCNY422.88
100    @a20140918e2012 emky0chiy50 ea
101 0  @achi
102    @aCN@b110000
105    @ay z 000yy
106    @ar
200 1  @a晋商文献@9jin shang wen xian@h第九卷@f甘肃省古籍文献整理编译中心,中国华北文献丛书编辑委员会编
205    @a[影印本]
210    @a北京@c学苑出版社@d2012
215    @a821页@d26cm
225 1  @a中国华北文献丛书@h第八辑@f傅璇琮总主编
300    @a甘肃省古籍文献整理编译中心重大整理项目
461  0 @12001 @a中国华北文献丛书
606 0  @a文献
606 0  @a晋商
606 0  @a晋商@x文献
690    @aF729(225)@v5
701  0 @a孙丽萍@9sun li ping@c(女,@f1960-)@4主编
712 02 @a甘肃省古籍文献整理编译中心@9gan su sheng gu ji wen xian zheng li bian yi zhong xin@4编
801  0 @aCN@b91MARC@c20140918
905    @b0847739@dF729(225)@e78:9@f1
    
    晋商文献.第九卷/甘肃省古籍文献整理编译中心,中国华北文献丛书编辑委员会编.-[影印本].-北京:学苑出版社,2012
    821页;26cm.-(中国华北文献丛书.第八辑/傅璇琮总主编)
    甘肃省古籍文献整理编译中心重大整理项目
    
    ISBN 978-7-5077-3935-0(精装):CNY422.88
    
●
相关链接 在E读中查询图书 在五车中查询图书 在当当中查询图书 在豆瓣中查询图书


正题名:晋商文献     索取号:F729(225)/78:9         预约/预借

序号 登录号 条形码 馆藏地/架位号 状态 备注
1 0847739   208477398   地方文献典藏中心/ [索取号:F729(225)/78:9] 在馆    
唐山师范学院图书馆 欢迎您!
大连网信软件有限公司© 版权所有